书目信息 |
| 题名: |
大学生人格教育与修身
|
|
| 作者: | 吴来苏 编著 | |
| 分册: | ||
| 出版信息: | 北京 经济管理出版社 2005 |
|
| 页数: | 411页 | |
| 开本: | 21cm | |
| 丛书名: | ||
| 单 册: | ||
| 中图分类: | B844.2 , B825 | |
| 科图分类: | ||
| 主题词: | 大学生--人格心理学 , 大学生 , 人格心理学 , 伦理学 | |
| 电子资源: | ||
| ISBN: | 7-80207-074-0 | |
| 000 | 00981nam0 2200277 450 | |
| 001 | 1569350645 | |
| 005 | 20150120191642.62 | |
| 010 | @a7-80207-074-0@dCNY20.00 | |
| 100 | @a20050217d2005 em y0chiy50 ea | |
| 101 | 0 | @achi |
| 102 | @aCN@b110000 | |
| 105 | @ay z 000yy | |
| 200 | 1 | @a大学生人格教育与修身@9da xue sheng ren ge jiao yu yu xiu shen@f吴来苏编著 |
| 210 | @a北京@c经济管理出版社@d2005 | |
| 215 | @a411页@d21cm | |
| 300 | @a首都师范大学211工程“十五”重点建设学科经费资助 | |
| 330 | @a本书通过对中国古代道德思想发展历史的学习和对古代思想家有关人格教育的言论和思想的梳理、对性的自然属性与社会属性的考察、对人类婚姻家庭历史的考察以及对择偶恋爱社会性的研究等,对大学生人格培养提供了指导和帮助。 | |
| 606 | 0 | @a大学生@x人格心理学 |
| 606 | 0 | @a大学生 |
| 606 | 0 | @a人格心理学 |
| 606 | 0 | @a伦理学 |
| 690 | @aB844.2@v5 | |
| 690 | @aB825@v4 | |
| 701 | 0 | @a吴来苏@9wu lai su@c(女,@f1949.4~)@4编著 |
| 801 | 0 | @aCN@bTSSF@c20150120 |
| 905 | @aZUCC@dB825@eJY111 | |
| 大学生人格教育与修身/吴来苏编著.-北京:经济管理出版社,2005 |
| 411页;21cm |
| 首都师范大学211工程“十五”重点建设学科经费资助 |
| ISBN 7-80207-074-0:CNY20.00 |
| 本书通过对中国古代道德思想发展历史的学习和对古代思想家有关人格教育的言论和思想的梳理、对性的自然属性与社会属性的考察、对人类婚姻家庭历史的考察以及对择偶恋爱社会性的研究等,对大学生人格培养提供了指导和帮助。 |
| ● |
| 相关链接 |
|
|
|
|
正题名:大学生人格教育与修身
索取号:B825/JY111
 
预约/预借
| 序号 | 登录号 | 条形码 | 馆藏地/架位号 | 状态 | 备注 |
| 1 | 7836516 | 278365163 | 学院路分馆/ [索取号:B825/JY111] | 在馆 |